London Underground stations containing J, Q, X, Z - Statistics

General Stats
  • This quiz has been taken 1,405 times
  • The average score is 7 of 16
Answer Stats
J % Correct
Queen’s Park
82%
Queensway
74%
Queensbury
67%
Belsize Park
56%
Oxford Circus
52%
St James’s Park
49%
Uxbridge
48%
St John’s Wood
45%
Brixton
44%
Vauxhall
43%
Croxley
36%
Leicester Square
33%
Sloane Square
31%
Russell Square
30%
Euston Square
29%
Willesden Junction
28%
No matching quizzes found
Score Distribution
Percent of People with Each Score
Percentile by Number Answered
Your Score History
You have not taken this quiz